| 000 | 01110nam a2200205Ii 4500 | ||
|---|---|---|---|
| 008 | 221202s xx 000 0 und d | ||
| 100 | 1 |
_aQuijoux, Maxime, _eauthor |
|
| 245 | 0 | _aBourdieu et le travail | |
| 264 |
_bPresses universitaires de Rennes _c2015 |
||
| 300 | _a1 online resource | ||
| 336 |
_atext _btxt _2rdacontent |
||
| 337 |
_acomputer _bc _2rdamedia |
||
| 338 |
_aonline resource _bcr _2rdacarrier |
||
| 520 | _aÀ l'occasion du dixième anniversaire de la mort de Pierre Bourdieu, cet ouvrage interroge l'objet « travail » dans la sociologie de Bourdieu, et Bourdieu dans la sociologie du travail. Réunissant plus d'une vingtaine de contributions, entre exégèses, analyses historiques et enquêtes de terrain, ce livre souhaite montrer l'apport mutuel du sociologue et du travail : une réconciliation scientifique en somme. | ||
| 653 | _aSociologie | ||
| 653 | _aSociology | ||
| 653 | _aTravail | ||
| 856 |
_uhttps://docs.google.com/spreadsheets/d/1yKIrdCPDAG_9c22mwoOIO2DOhtj65Wqa/edit?usp=sharing&ouid=106555315294820607512&rtpof=true&sd=true _yList of Curated E-Books |
||
| 942 | _cE-BOOK | ||
| 999 |
_c92084 _d92081 |
||